LEADER 01756nam0 22003973i 450 001 NAP0397366 005 20251003044249.0 010 $a0070004226$bMcGraw-Hill 010 $a0262010771$bMIT press 100 $a20080218d1985 ||||0itac50 ba 101 | $aeng 102 $aus 181 1$6z01$ai $bxxxe 182 1$6z01$an 200 1 $aStructure and interpretation of computer programs$fHarold Abelson, and Gerald Jay Sussman$gwith Julie Sussman$gforeword by Alan J. Perlis 210 $aCambridge (MA)$aLondon$cMIT press$aNew York [etc.]$cMcGraw-Hill$d1985 215 $aXX, 542 p.$d24 cm 225 | $aˆThe ‰MIT electrical engineering and computer science series 300 $aBibliografia: P. [505]- 509. 410 0$1001NAP0395272$12001 $aˆThe ‰MIT electrical engineering and computer science series 606 $aLisp $2FIR$3UFIC025120$9E 606 $aElaboratori elettronici$xProgrammazione$xLinguaggio Lisp$2FIR$3SBLC004086$9I 676 $a005.13$9LINGUAGGI DI PROGRAMMAZIONE$v14 676 $a005.133$9SPECIFICI LINGUAGGI DI PROGRAMMAZIONE$v22 700 1$aAbelson$b, Harold$3CFIV013963$4070$027443 701 1$aSussman$b, Gerald Jay$3VEAV009878$4070$0475718 702 1$aSussman$b, Julie$3VEAV009879 702 1$aPerlis$b, Alan J.$3VEAV009880 801 3$aIT$bIT-000000$c20080218 850 $aIT-BN0095 901 $bNAP 01$cSALA DING $n$ 912 $aNAP0397366 950 0$aBiblioteca Centralizzata di Ateneo$c1 v.$d 01SALA DING 005.13 ABE.st$e 0102 0000008285 VMA A4 1 v. (15. rist. 1993)$fY $h19940323$i19940323 977 $a 01 996 $aStructure and interpretation of computer programs$9330999 997 $aUNISANNIO